Our world of mysteries ; (Record no. 2514)

MARC details
000 -LEADER
fixed length control field 01072cam a22002773a 4500
005 - DATE AND TIME OF LATEST TRANSACTION
control field 20241120091553.0
020 ## - INTERNATIONAL STANDARD BOOK NUMBER
International Standard Book Number 9780590445955
020 ## - INTERNATIONAL STANDARD BOOK NUMBER
International Standard Book Number 078073002757
020 ## - INTERNATIONAL STANDARD BOOK NUMBER
International Standard Book Number 9780590445952
040 ## - CATALOGING SOURCE
Original cataloging agency JBF
Transcribing agency JBF
Modifying agency SPP
-- BTCTA
-- BAKER
-- YDXCP
-- CQF
-- DLC
Language of cataloging eng
050 00 - LIBRARY OF CONGRESS CALL NUMBER
Classification number QH45.5
082 ## - DEWEY DECIMAL CLASSIFICATION NUMBER
Classification number 001.94
100 1# - MAIN ENTRY--PERSONAL NAME
Personal name Lord, Suzanne
245 10 - TITLE STATEMENT
Title Our world of mysteries ;
Remainder of title fascinating facts about the planet earth /
Statement of responsibility, etc. Suzanne Lord.
250 ## - EDITION STATEMENT
Edition statement First Scholastic printing, September 1991
260 ## - PUBLICATION, DISTRIBUTION, ETC.
Place of publication, distribution, etc. New York :
Name of publisher, distributor, etc. Scholastic,
Date of publication, distribution, etc. 1991
300 ## - PHYSICAL DESCRIPTION
Extent 92 pages :
Other physical details illustrations ;
Dimensions 20 cm
505 ## - FORMATTED CONTENTS NOTE
Formatted contents note Z
520 ## - SUMMARY, ETC.
Summary, etc. From the ocean abyss, where odd creatures live in complete darkness, to the Anasazi people, who vanished from the Earth, leaving only ancient apartments behind, readers will discover some of the earth's strangest places and most fantastic mysteries in this literary adventure.
521 ## - TARGET AUDIENCE NOTE
Target audience note 930
Source Lexile
521 ## - TARGET AUDIENCE NOTE
Target audience note Z
Source Raz-Plus
650 #0 - SUBJECT ADDED ENTRY--TOPICAL TERM
Topical term or geographic name entry element Natural history.
906 ## - LOCAL DATA ELEMENT F, LDF (RLIN)
a 7
b cbc
c copycat
d 2
e ncip
f 20
g y-genrareb
942 ## - ADDED ENTRY ELEMENTS (KOHA)
Source of classification or shelving scheme Dewey Decimal Classification
Koha item type Books
Suppress in OPAC No
999 ## -
-- 2514
-- 2514
Holdings
Withdrawn status Lost status Source of classification or shelving scheme Damaged status Not for loan Collection Home library Current library Shelving location Date acquired Total Checkouts Full call number Barcode Date last seen Copy number Price effective from Koha item type Date last checked out
    Dewey Decimal Classification     Non-Fiction Footprints International School Library Network Toul Kork Campus Footprints International School Library Network Toul Kork Campus TTP Secondary Non-Fiction Bookshelves 12/13/2023   LOR 001.94 QH45.5 FISSE01223 12/13/2023 1 12/13/2023 Books  
    Dewey Decimal Classification     Non-Fiction Footprints International School Library Network Toul Kork Campus Footprints International School Library Network Toul Tom Poung Campus TTP Secondary Non-Fiction Bookshelves 12/13/2023 1 LOR 001.94 QH45.5 FIS04674 02/27/2026 2 12/13/2023 Books 02/02/2026